Kuinka monta rajaa? - 5 elämää #1 - Statistics

Yleistilastot
  • Tätä visaa on pelattu 1 031 kertaa
  • Keskiarvotulos 13 / 21
Vastaustilastot
Valtio Rajanaapurit Rajoja % Oikein
Suomi Norja, Ruotsi, Venäjä 3
100%
Irlanti Yhdistynyt kuningakunta 1
97%
Yhdysvallat Kanada, Meksiko 2
94%
Japani 0
89%
Jemen Oman, Saudi-Arabia 2
80%
Portugali Espanja 1
76%
Panama Costa Rica, Kolumbia 2
75%
Haiti Dominikaaninen tasavalta 1
72%
Meksiko Belize, Guatemala, Yhdysvallat 3
72%
Chile Argentiina, Bolivia, Peru 3
62%
Madagaskar 0
61%
Papua-Uusi-Guinea Indonesia 1
55%
Viro Latvia, Venäjä 2
53%
Nepal Intia, Kiina 2
50%
San Marino Italia 1
49%
Etelä-Korea Pohjois-Korea 1
45%
Tunisia Algeria, Libya 2
43%
Vietnam Kambodža, Kiina, Laos 3
43%
Belgia Alankomaat, Luxembourg, Ranska, Saksa 4
39%
Kreikka Albania, Bulgaria, Pohjois-Makedonia, Turkki 4
30%
Italia Itävalta, Ranska, San Marino, Slovenia, Sveitsi, Vatikaanivaltio 6
25%
Ehtoja vastaavia visoja ei löytynyt
Tulosjakauma
Jokaisen tuloksen saaneiden osuus
Persentiili vastausten määrän mukaan
Tuloshistoriasi
Et ole pelannut tätä visaa